000 00861nam a22002415i 4500
001 168550
003 ES-MaACL
005 20250814045712.0
008 080421s1980 mx |||| | spa d
080 _a531/.534:62(075.8)
100 1 _aMac Lean, W. G.
_9137638
245 1 0 _aTeoría y problemas de mecánica para ingenieros
_b: estática y dinámica /
_cW. G. MacLean y E. W. Nelson ; traducción y adaptación José Vicente Casas Reyes.
250 _a2ª ed. act.
260 _aMéxico :
_bMc Graw-Hill,
_c1980.
300 _a406 p. :
_bil. ;
_c28 cm.
490 1 _aSerie de compendios Schaum
650 1 7 _aMecánica
_2embne
_914869
700 1 _aNelson, E. W.
_9137639
700 1 _aCasas Reyes, José Vicente.
_9137640
830 0 _aSerie de compendios Schaum
_9181142
852 _aES-MaACL
_jL-2081
_9102693
999 _c168550
_d168550